War die Dame eine Kurtisane?: die Kalighat-Malerei ist eine faszinierende Gattung indischer Kunst, voller Satire, Kritik und künstlerischer Distanz

Gespeichert in:
Bibliographische Detailangaben
1. Verfasser: Harder, Hans (VerfasserIn)
Dokumenttyp: Article (Journal)
Sprache:Deutsch
Veröffentlicht: 17.08.2019
In: Rhein-Neckar-Zeitung / Heidelberger Nachrichten

Online-Zugang:Verlag, lizenzpflichtig, Volltext: https://www.rnz.de/panorama/magazin_artikel,-100-jahre-voelkerkundemuseum-heidelberg-war-die-dame-eine-kurtisane-_arid,460180.html
Volltext
Verfasserangaben:Hans Harder

MARC

LEADER 00000caa a2200000 c 4500
001 1698028113
003 DE-627
005 20220818082452.0
007 cr uuu---uuuuu
008 200512s2019 xx |||||o 00| ||ger c
035 |a (DE-627)1698028113 
035 |a (DE-599)KXP1698028113 
035 |a (OCoLC)1341323448 
040 |a DE-627  |b ger  |c DE-627  |e rda 
041 |a ger 
084 |a 25  |2 sdnb 
100 1 |a Harder, Hans  |d 1966-  |e VerfasserIn  |0 (DE-588)1015069436  |0 (DE-627)668343230  |0 (DE-576)172154367  |4 aut 
245 1 0 |a War die Dame eine Kurtisane?  |b die Kalighat-Malerei ist eine faszinierende Gattung indischer Kunst, voller Satire, Kritik und künstlerischer Distanz  |c Hans Harder 
246 3 3 |a Serie: Lieblingsstücke 
264 1 |c 17.08.2019 
300 |a 1 
336 |a Text  |b txt  |2 rdacontent 
337 |a Computermedien  |b c  |2 rdamedia 
338 |a Online-Ressource  |b cr  |2 rdacarrier 
500 |a Gesehen am 12.05.2020 
500 |a Serie: Lieblingsstücke, Teil 8 
500 |a "100 Jahre Völkerkundemuseum Heidelberg" - Rubrik über dem Haupttitel 
773 0 8 |i Enthalten in  |t Rhein-Neckar-Zeitung / Heidelberger Nachrichten  |d Heidelberg : Rhein-Neckar-Zeitung, 2010  |g (2019) vom: 17. Aug.  |h Online-Ressource  |w (DE-627)633749834  |w (DE-600)2568516-8  |w (DE-576)45628298X  |7 nnas  |a War die Dame eine Kurtisane? die Kalighat-Malerei ist eine faszinierende Gattung indischer Kunst, voller Satire, Kritik und künstlerischer Distanz 
773 1 8 |g year:2019  |g day:17  |g month:08  |g extent:1  |a War die Dame eine Kurtisane? die Kalighat-Malerei ist eine faszinierende Gattung indischer Kunst, voller Satire, Kritik und künstlerischer Distanz 
776 0 8 |i Erscheint auch als  |n Druck-Ausgabe  |a Harder, Hans, 1966 -   |t War die Dame eine Kurtisane?  |d 2019  |w (DE-627)1698815271 
856 4 0 |u https://www.rnz.de/panorama/magazin_artikel,-100-jahre-voelkerkundemuseum-heidelberg-war-die-dame-eine-kurtisane-_arid,460180.html  |x Verlag  |z lizenzpflichtig  |3 Volltext 
951 |a AR 
992 |a 20200512 
993 |a Article 
994 |a 2019 
998 |g 1015069436  |a Harder, Hans  |m 1015069436:Harder, Hans  |d 700000  |d 702000  |e 700000PH1015069436  |e 702000PH1015069436  |k 0/700000/  |k 1/700000/702000/  |p 1  |x j  |y j 
999 |a KXP-PPN1698028113  |e 3664872495 
BIB |a Y 
SER |a newspaper 
JSO |a {"recId":"1698028113","id":{"eki":["1698028113"]},"titleAlt":[{"title":"Serie: Lieblingsstücke"}],"physDesc":[{"extent":"1 S."}],"type":{"media":"Online-Ressource","bibl":"article-newspaper"},"person":[{"display":"Harder, Hans","role":"aut","given":"Hans","family":"Harder"}],"language":["ger"],"title":[{"subtitle":"die Kalighat-Malerei ist eine faszinierende Gattung indischer Kunst, voller Satire, Kritik und künstlerischer Distanz","title_sort":"War die Dame eine Kurtisane?","title":"War die Dame eine Kurtisane?"}],"origin":[{"dateIssuedKey":"2019","dateIssuedDisp":"17.08.2019"}],"note":["Gesehen am 12.05.2020","Serie: Lieblingsstücke, Teil 8","\"100 Jahre Völkerkundemuseum Heidelberg\" - Rubrik über dem Haupttitel"],"name":{"displayForm":["Hans Harder"]},"relHost":[{"id":{"eki":["633749834"],"zdb":["2568516-8"]},"disp":"War die Dame eine Kurtisane? die Kalighat-Malerei ist eine faszinierende Gattung indischer Kunst, voller Satire, Kritik und künstlerischer DistanzRhein-Neckar-Zeitung / Heidelberger Nachrichten","recId":"633749834","physDesc":[{"extent":"Online-Ressource"}],"type":{"bibl":"newspaper","media":"Online-Ressource"},"titleAlt":[{"title":"Rhein-Neckar-Zeitung / Heidelberger Nachrichten"},{"title":"RNZ ePaper"}],"language":["ger"],"title":[{"title_sort":"Rhein-Neckar-Zeitung","partname":"Heidelberger Nachrichten","title":"Rhein-Neckar-Zeitung","subtitle":"RNZ ePaper"}],"origin":[{"dateIssuedDisp":"2010-","dateIssuedKey":"2010","publisherPlace":"Heidelberg","publisher":"Rhein-Neckar-Zeitung"}],"part":{"extent":"1","year":"2019","text":"(2019) vom: 17. Aug."},"pubHistory":["Nachgewiesen 66.2010 -"],"note":["Gesehen am 02.03.11"]}]} 
SRT |a HARDERHANSWARDIEDAME1708